Energeticko-ekonomická náročnost zpracování půdy.
Stály rast energetickej náročnosti československého poľnohospodárstva. Vplyv nových technologických postupov strojmi dostupnými na trhu ČSFR na energetickú náročnosť spracovania pôdy. Spotreba energie na prevádzku technologických liniek pri výrobe pšenice.
Saved in:
| Main Author: | |
|---|---|
| Format: | Book Chapter |
| Language: | Czech |
| Subjects: | |
| Tags: |
No Tags, Be the first to tag this record!
|
MARC
| LEADER | 00000naa a2200000 4500 | ||
|---|---|---|---|
| 001 | r001335 | ||
| 005 | 20220909073721.7 | ||
| 041 | 0 | |a cze | |
| 044 | |a [CS] | ||
| 245 | 1 | 0 | |a Energeticko-ekonomická náročnost zpracování půdy. |c Z. Kňákal |
| 520 | |a Stály rast energetickej náročnosti československého poľnohospodárstva. Vplyv nových technologických postupov strojmi dostupnými na trhu ČSFR na energetickú náročnosť spracovania pôdy. Spotreba energie na prevádzku technologických liniek pri výrobe pšenice. | ||
| 610 | 2 | 0 | |a náročnosť výroby energetická |
| 610 | 2 | 0 | |a pôda |
| 610 | 2 | 0 | |a poľnohospodárstvo |
| 610 | 2 | 0 | |a ČSFR |
| 610 | 2 | 0 | |a technológie nové |
| 610 | 2 | 0 | |a stroje poľnohospodárske |
| 610 | 2 | 0 | |a spotreba energie |
| 610 | 2 | 0 | |a pšenica |
| 100 | 1 | |a Kňákal, Z. | |